000 01707nam a2200313 a 4500
003 BLK
005 20250226125021.0
008 200910b bu |||||r|||| 00| | bu d
020 _a978-619-199-586-8
020 _a3800083828211
040 _aBLK
041 _aBUL
_cBUL
080 _aЖивот. Смърт. Витализъм. Анабиоза. Стареене. Биологична енергия въобще. Сравнение на човека с животни и растения. Физиологична същност на оживяването на организма след клинична смърт
_b612.013
_z612.013:087.5
080 _aИздания за деца и юноши. Книжки-картинки. Читанки. Вж и 372.4
_b087.5
_z087.5:612.013
100 _aДейнс, Кейти
_eпърви автор
_9390174
139 _aДейнс, Кейти
_bД 34
245 _aЗащо умират живите същества?
_bПърви въпроси и отговори : погледни под капачето
_cКейти Дейнс ; ил. Кристин Пим ; прев. [от англ.] Албена Раленкова
260 _9209475
_aСофия
_bФют
_c2021
_fКитай
300 _a12 с.
_bс цв. ил.
_c23 см
380 _aDN
700 _9599
_aПим, Кристин
_eил.
700 _aРаленкова, Албена Василева
_d1968 -
_gПреводач от английски и френски език.
_9368050
852 _bЦб
_aЦб 309668
942 _cKNG
_n0
_s1
_014
944 _aCR
_c2021-10-25
_k30537
_lГрета Цуфелде
999 _c434604
_d434604
999 _d434604
999 _d434604
999 _d434604